000 00817nam a2200241 a 4500
001 BRCA_5013
005 20190320204913.0
008 291010s1956----ag-a######---#000-0#spa-#
041 _aspa
044 _aag
050 4 _aND320
_b.S66 1956
100 1 _aSoria S., Martín
_912790
245 1 0 _aLa pintura del siglo XVI en Sudamerica
_cMartín S. Soria.
260 _aBuenos Aires
_bInstituto de Arte Americano e Investigaciones Estéticas ; Universidad de Buenos Aires, Facultad de Arquitectura y Urbanismo
_c1956
300 _a125 p.
_bil., 82 láminas
_c25 cm.
500 _aIncluye índice de ilustraciones
500 _aIncluye dedicatoria del autor a Franz Mayer
500 _aD112
650 1 4 _aPintura
_xHistoria
_912791
651 4 _aAmérica del Sur
_xPintura
_912792
902 _aGFM
942 _2lcc
_cB
999 _c4707
_d4707